| 000 | 00806cam a2200289 i 4500 | ||
|---|---|---|---|
| 001 | 200466712 | ||
| 003 | TR-AnTOB | ||
| 005 | 20251230103954.0 | ||
| 007 | ta | ||
| 008 | 251201n1991 tu e 000 1 tur d | ||
| 020 | _a9757715131 | ||
| 040 |
_aTR-AnTOB _beng _erda _cTR-AnTOB |
||
| 041 | 0 | _atur | |
| 050 | 4 |
_aPL248 .D45 _bT37 1991 |
|
| 090 |
_aPL248 .D45 _bT37 1991 |
||
| 100 | 1 |
_aDeliorman, Orhan _eauthor _9151373 |
|
| 245 | 1 |
_aTarık Bin Ziyad : _broman / _cOrhan Deliorman. |
|
| 264 | 1 |
_aİstanbul : _bŞelale Yayınevi, _c1991. |
|
| 264 | 4 | _c©1991 | |
| 300 |
_avii, 524 pages ; _c20 cm |
||
| 336 |
_atext _btxt _2rdacontent |
||
| 337 |
_aunmediated _bn _2rdamedia |
||
| 338 |
_avolume _bnc _2rdacarrier |
||
| 650 | 0 |
_aTurkish literature _97783 |
|
| 942 |
_2lcc _cBK |
||
| 999 |
_c200466712 _d84924 |
||